|
|
|
|
| LEADER |
01167nam a22003131a 4500 |
| 001 |
000034218 |
| 003 |
10410 |
| 005 |
20220613083058.0 |
| 008 |
151027s2011 000 vie |
| 041 |
|
|
|a VIE
|
| 082 |
|
|
|a 306.0951
|b PH-K
|
| 100 |
|
|
|a Pham Khang
|
| 245 |
|
0 |
|a Tim hieu văn hoa Trung Hoa /
|c Pham Khang
|d Le Minh
|
| 260 |
|
|
|a -H :
|b Văn hoa -Thong tin,
|c 2011.
|
| 300 |
|
|
|a 30cm :
|b 299tr;.
|
| 502 |
|
|
|a Kien thưc văn hoa
|
| 650 |
|
|
|a Văn hoa
|x Trung Quoc -Tong quan ve Trung Quoc:
|x Tư tương va ton giao
|v Lch sư văn hoc nghe thuat,lich sư văn hoa
|y Khoa hoc ky thuat
|z Văn hoa giao duc
|
| 653 |
|
|
|a Tim hieu văn hoa Trung Hoa.Pham Khang,2011
|
| 700 |
|
|
|a bien tap:
|b Pham Minh Thao
|
| OWN |
|
|
|a LNN
|
| AVA |
|
|
|a UDN50
|b LNN
|d 306.0951 PH-K
|e available
|t Error 5001 Not defined in file expand_doc_bib_avail.
|f 3
|g 0
|h N
|i 12
|
| 999 |
|
|
|a From the UDN01
|
| AVA |
|
|
|a UDN50
|b LNN
|d 306.0951 PH-K
|e available
|t Error 5001 Not defined in file expand_doc_bib_avail.
|f 3
|g 0
|h N
|i 12
|
| TYP |
|
|
|a Dissertation
|
| TYP |
|
|
|a Monograph
|
| 980 |
|
|
|a Mạng thư viện Đại học Đà Nẵng
|